000 01335nam a2200325 c 4500
003 BLK
005 20250507113800.0
008 180408b bul|||||r ||||||| ||bul||
010 _aKNG00089800000
020 _a978-954-655-021-7
_bиздат.: Бард
040 _aBLK
041 _aBUL
_cBUL
080 _aАмериканска литература (на САЩ)
_b821.111(73)
_x-31
_z821.111(73)-31
100 1 _aБредбъри, Рей Дъглас
_eпърви автор
_9364486
700 _aБожилов, Венцислав Божидаров
_cТеодосиев, Стефан, 1968- (псевдоним)
_d1968-
_9367877
139 _aБредбъри, Рей
_bБ 80
245 1 0 _aПариж завинаги
_bНови разкази
_cРей Дъглас Бредбъри; прев. Венцислав Божидаров Божилов.
257 _aUSA
260 София
_bБард
_c2009
_fХасково : Полиграфюг
300 _a176 с.
_c20 см
380 _aX
500 _aОриг. загл. We'll Always Have Paris / Ray Bradbury. - Офс. изд.
653 _aразкази
852 _aЦб 244224
856 4 _qpdf
_u
856 4 _qpdf
_u
942 _cKNG
_n0
_019
944 _aCR
_c09.06.2009
_k30542
_lРусанова Ирена
944 _aED
_c12.10.2012
_k
999 _c85204
_d85204